000 00783nam a2200205 a 4500
008 120416s1991 ||||||||||||||||| || u
020 _a0273032747
050 _aJF 1351 Law
100 _aLawton, Alan
245 1 0 _aOrganization and management in the public sector
250 _a1st ed.
260 _aLondon
_bPitman
_c1991
300 _axiv, 207p. : ill
350 _a0.00
650 0 _aMANAGEMENT
650 _aPUBLIC SECTOR
700 _aRose, Aidan
995 _D0.00
_FCBU-MAIN LIBRARY (Kitwe)
_H2
_I13.99
_M1
_UAVAILABLE
_ZMain Library Open Access Collection
995 _D0.00
_FCBU-MAIN LIBRARY (Kitwe)
_H1
_I13.99
_M2
_UAVAILABLE
_ZMain Library Open Access Collection
999 _c81658
_d81658